|
|
|
|
| LEADER |
00725nab a2200205 i 4500 |
| 001 |
misc27181 |
| 005 |
20191108150025.0 |
| 008 |
171002s1965 hu o 0|| zxx d |
| 040 |
|
|
|a SZTE Miscellanea Repozitórium
|b hun
|
| 041 |
|
|
|a zxx
|
| 100 |
1 |
|
|a Lakatos László
|
| 245 |
1 |
0 |
|a Diffus interstitialis tüdőfibrosis (Hamman-Rich-syndroma) ritkább megjelenési formája
|h [elektronikus dokumentum] /
|c Lakatos László
|
| 260 |
|
|
|c 1965
|
| 300 |
|
|
|a 292-299
|
| 490 |
0 |
|
|a Kolligátum
|
| 695 |
|
|
|a Tüdőbetegségek, Tüdőgyógyászat
|
| 700 |
0 |
1 |
|a Sövényi Ervin
|e aut
|
| 700 |
0 |
1 |
|a Karácsony Gizella
|e aut
|
| 700 |
0 |
1 |
|a Bencze György
|e aut
|
| 856 |
4 |
0 |
|u http://misc.bibl.u-szeged.hu/27181/1/020_001_292-299.pdf
|z Dokumentum-elérés
|